000 01518nam a22004217a 4500
001 000096041
003 CHAP
005 20220817044119.0
008 060801d2006 mx r 00110 spa d
010 _a92507
011 _a93479
035 _a104053
040 _cCHAP
090 _aTesis
100 1 _aMartinez Ramirez, Graciela.
245 1 0 _aAplicación de ácidos húmicos como método para mejorar el proceso termofílico de digestión anaerobia /
_c/por Graciela Martínez Ramírez.
260 _aChapingo, Méx. :
_bEl autor,
_c2006.
300 _a93 h.
502 _aTesis (Ing. Agroindustrial) - - UACH. Departamento de Ingeniería Agroindustrial
590 _aALEPH
_b10
_c20130110
_lUCH01
_h1513
590 _aBATCH-UPD
_b10
_c20130110
_lUCH01
_h1747
590 _aBATCH-UPD
_b10
_c20130410
_lUCH01
_h1125
590 _aBATCH-UPD
_b10
_c20130914
_lUCH01
_h1800
590 _aBATCH-UPD
_b10
_c20140324
_lUCH01
_h1458
590 _aBATCH-UPD
_b10
_c20141002
_lUCH01
_h0831
590 _aCONVERSION
_b10
_c20130109
_lUCH01
_h1351
590 _aE5765TAJ
_b10
_c20130531
_lUCH01
_h1339
590 _aE5765TAJ
_b10
_c20130703
_lUCH01
_h1410
650 1 4 _aAcido humico.
_9588
650 1 4 _aTratamiento anaeróbico.
_9114699
856 _3Finding aid
_uhttp://10.13.5.2/tesis/104053.pdf
_zTeclea aquí
901 _aBK
905 _aLilia
942 _cCD
942 _n0
949 _aTesis
_bBC
_cTES
_d00000001040531
_eTS1
_h108105
_i104053
_sb
949 _aTesis
_bBC
_cTES
_d33724000990628
_eTS2
_fc.2
_h108106
_i104053
_so
999 _c92507
_d92507